Statystyki dla Odpowiedź Zaczyna się na "Z"

Kliknij tutaj aby rozwiązać quiz!

Ogólne statystyki

  • Ten quiz został rozwiązany 3 941 razy
  • Średni wynik to 14 z 30

Statystyki odpowiedzi

Lp.PytanieOdpowiedź% Poprawnych
2Które miasto jest stolicą Chorwacji?Zagrzeb
93%
3Który pierwiastek chemiczny oznacza się symbolem "Au"?Złoto
92%
18Jaką nazwą określa się rzemieślnika zajmującego się naprawą zegarów i zegarków?Zegarmistrz
86%
13Józef Papkin, Klara Raptusiewiczówna, Rejent Milczek to postacie którego utwory Aleksandra Fredry?Zemsta
85%
10Pod jakim pseudonimem działał Tadeusz Zawadzki, jeden z bohaterów powieści "Kamienie na Szaniec"?Zośka
81%
11Stolicą którego kraju afrykańskiego jest Lusaka?Zambia
78%
29Jakim terminem określa się tak zwane "żywe trupy"?Zombie
76%
21Jakim terminem określa się obumarcie części mięśnia sercowego na skutek zatkania się tętnicy doprowadzającej do niego krew?Zawał serca
75%
26Jaką nazwę nosi taniec zainspirowany połączeniem elementów tańców latynoamerykańskich oraz elementów fitness?Zumba
75%
30Rozwiń skrót ZUS.Zakład Ubezpieczeń Społecznych
70%
24Jak potocznie określa się ostatnie tylne zęby wyrastające człowiekowi, gdy jest już dorosły?Zęby mądrości
64%
25Jakim terminem określa się zamknięcie naczynia krwionośnego przez zakrzep, fragment tkanki?Zator
59%
15Rozwiń skrót ZHP.Związek Harcerstwa Polskiego
59%
7Który król przeniósł siedzibę królów z Krakowa do Warszawy?Zygmunt III Waza
55%
27Jak brzmi nazwa najludniejszego miasta w Szwajcarii?Zurych
54%
22Jakim terminem określa się nadwyżkę wpływów nad wydatkami?Zysk
53%
20Jak brzmi umowna nazwa trwającego w latach 1947-1991 stanu napięcia oraz rywalizacji ideologicznej, politycznej i militarnej pomiędzy krajami Układu Warszawskiego i NATO?Zimna Wojna
49%
1Pod jaką nazwą funkcjonowała Demokratyczna Republika Konga pod rządami Mobutu Sese Seko?Zair
33%
12Jak miał na nazwisko polski magnat, polityk, wojewoda inowrocławski, kanclerz wielki koronny w latach 1764-1767?Zamoyski
32%
14Jaką nazwę nosiło państwo które po połączeniu z Tanganiką utworzyło dzisiejszą Tanzanię?Zanzibar
28%
28Podaj nazwę miejscowości w której znajduje się "Willa Atma".Zakopane
25%
23Jak brzmi polski tytuł filmu z gatunku "buddy cop" gdzie główne odgrywają Danny Glover i Mel Gibson?Zabójcza Broń
19%
19Podaj imię i nazwisko polskiego satyryka, artysty kabaretowego, założyciela kabaretu "Tey".Zenon Laskowik
19%
8Rozwiń skrót ZOMO.Zmotoryzowane Odwody Milicji Obywatelskiej
19%
5Jak w propagandzie PRLu określało się zachodnie ziemie dzisiejszej Polski przyłączone jako rekompensata za ziemie wschodnie?Ziemie odzyskane
18%
6Jaką nazwę nosi starożytna świątynia tarasowa na terenie Mezopotamii składająca się z kilku poziomów - tarasów?Ziggurat
13%
17Jaki tytuł ma powieść obyczajowa amerykańskiej pisarki Harper Lee przedstawia życie w małym miasteczku na południu USA w okresie Wielkiego Kryzysu, w tym problem rasizmu (Zekranizowana w 1962 z Gregorym Peckiem)?Zabić Drozda
10%
4Jak miał na nazwisko generał, uczestnik walk napoleońskich, od 1815 r. namiestnik Królestwa Polskiego?Zajączek
8%
16Jak ma na imię alter ego David'a Bowie?Ziggy Stardust
7%
9Jaką nazwę nosił dokument wydany w 1222 roku przez króla Węgier Andrzeja II, wymuszony na władcy przez szlachtę węgierską.Złota Bulla
3%

Rozkład punktacji

Percentyl według liczby udzielonych odpowiedzi

Procent ludzi z każdym wynikiem

Twoja historia wyników

Nie rozwiązałeś tego quizu